The Brown, Driver, Briggs Hebrew and English lexicon : (Record no. 6714)
[ view plain ]
| 000 -LEADER | |
|---|---|
| fixed length control field | 01416nam a22002297a 4500 |
| 003 - CONTROL NUMBER IDENTIFIER | |
| control field | GBCCL |
| 005 - DATE AND TIME OF LATEST TRANSACTION | |
| control field | 20241126110609.0 |
| 008 - FIXED-LENGTH DATA ELEMENTS--GENERAL INFORMATION | |
| fixed length control field | 180525b ||||| |||| 00| 0 eng d |
| 020 ## - INTERNATIONAL STANDARD BOOK NUMBER | |
| International Standard Book Number | 9781565632066 |
| 020 ## - INTERNATIONAL STANDARD BOOK NUMBER | |
| International Standard Book Number | 1565632060 |
| 040 ## - CATALOGING SOURCE | |
| Transcribing agency | GBC |
| 082 ## - DEWEY DECIMAL CLASSIFICATION NUMBER | |
| Classification number | 220.44 |
| Item number | BRO |
| 100 ## - MAIN ENTRY--PERSONAL NAME | |
| Personal name | Brown, Francis |
| 9 (RLIN) | 12007 |
| 245 ## - TITLE STATEMENT | |
| Title | The Brown, Driver, Briggs Hebrew and English lexicon : |
| Remainder of title | with an appendix containing the Biblical Aramaic : coded with the numbering system from Strong's Exhaustive concordance of the Bible/ |
| Statement of responsibility, etc. | Francis Brown; S R Driver; Charles A Briggs; Edward Robinson; James Strong; |
| 260 ## - PUBLICATION, DISTRIBUTION, ETC. | |
| Place of publication, distribution, etc. | Peabody, Mass. : |
| Name of publisher, distributor, etc. | Hendrickson Publishers, |
| Date of publication, distribution, etc. | 2015, 1906 |
| 300 ## - PHYSICAL DESCRIPTION | |
| Extent | xxi, 1204 pages ; 25 cm |
| 505 ## - FORMATTED CONTENTS NOTE | |
| Formatted contents note | "Based on the lexicon of William Gesenius, as translated by Edward Robinson; and edited with constant reference to the thesaurus of Gesenius as completed by E. Rödiger, and with authorized use of the latest German editions of Gesenius' Handwörterbuch über das Alte Testament."<br/>"Dr. Yael Avrahami of the University of Haifa has prepared two indexes of verbal roots, both Hebrew and Aramaic. These indexes, added to the 2010 printing of the BDB ... are located on p. 1177 and p. 1201 respectively." |
| 650 ## - SUBJECT ADDED ENTRY--TOPICAL TERM | |
| Topical term or geographic name entry element | Bible. -- Old Testament -- Dictionaries. |
| 9 (RLIN) | 12008 |
| 650 ## - SUBJECT ADDED ENTRY--TOPICAL TERM | |
| Topical term or geographic name entry element | Bible. -- Old Testament. |
| 9 (RLIN) | 10118 |
| 650 ## - SUBJECT ADDED ENTRY--TOPICAL TERM | |
| Topical term or geographic name entry element | Hebrew language -- Dictionaries -- English. |
| 9 (RLIN) | 12009 |
| 942 ## - ADDED ENTRY ELEMENTS (KOHA) | |
| Source of classification or shelving scheme | Dewey Decimal Classification |
| Koha item type | Reference Books |
| Withdrawn status | Lost status | Source of classification or shelving scheme | Damaged status | Not for loan | Home library | Current Library | Shelving location | Date acquired | Total checkouts | Full call number | Barcode | Date last seen | Copy number | Price effective from | Koha item type |
|---|---|---|---|---|---|---|---|---|---|---|---|---|---|---|---|
| Dewey Decimal Classification | GRACE BIBLE COLLEGE | GRACE BIBLE COLLEGE | Language | 2018-05-25 | 220.44 BRO | 010284 | 2025-05-01 | c.1 | 2018-05-25 | Language | |||||
| Dewey Decimal Classification | GRACE BIBLE COLLEGE | GRACE BIBLE COLLEGE | Language | 2023-12-01 | 220.44 BRO | 020663 | 2025-05-01 | c.2 | 2023-12-01 | Language |